• 首页
  • 本馆介绍
  • 公告通知
  • 最新文献
  • 馆藏检索
  • 电子资源
  • 读者导购
  • 参考咨询
  • 我的图书馆
  • 登录
  • 详细信息显示
  • 放入我的书架
  • 预约/预借图书
  • 作者相关作品
  • 分类相关作品
  • 丛书相关作品
  • 出版社相关作品

书目信息

  • 表格格式
  • 工作单格式
  • 卡片格式
题名:
商学导论
    
 
作者: 王全喜 , 郝臣 主编
分册:  
出版信息: 天津   南开大学出版社  2013
页数: 213页
开本: 23cm
丛书名: 现代管理书库
单 册:
中图分类: F710
科图分类:
主题词: 贸易经济学--教材 , 贸易经济学
电子资源:
ISBN: 978-7-310-04265-4
000 00987oam2 2200289 450
001 523
005 20140909095224.75
010    @a978-7-310-04265-4@dCNY32.00
100    @a20131107d2013 em y0chiy50 ea
101 0  @achi
102    @aCN@b120000
105    @ay z 000yy
106    @ar
200 1  @a商学导论@AShang Xue Dao Lun@f王全喜,郝臣主编@FWang Quan Xi, Hao Chen Zhu Bian
210    @a天津@c南开大学出版社@d2013
215    @a213页@d23cm
225 2  @a现代管理书库@i教材系列
300    @a《企业学导论》第2版
330    @a本书共九章,主要内容包括:企业的基本概念、企业的外部环境、企业的制度安排、企业的设立、企业的活动、企业的管理、企业的变更、企业的破产与解散、我国上市公司及其治理概况。
461  0 @12001 @a现代管理书库
606 0  @a贸易经济学@j教材
606 0  @a贸易经济学
690    @aF710@v5
701  0 @a王全喜@AWang Quan Xi@f(1955~)@4主编
701  0 @a郝臣@AHao Chen@c(管理学)@4主编
801  0 @aCN@bTANGWEI@c20140603
905    @b0839383-85@dF710@e632@f3
    
    商学导论/王全喜,郝臣主编.-天津:南开大学出版社,2013
    213页;23cm.-(现代管理书库.教材系列)
    《企业学导论》第2版
    
    ISBN 978-7-310-04265-4:CNY32.00
    本书共九章,主要内容包括:企业的基本概念、企业的外部环境、企业的制度安排、企业的设立、企业的活动、企业的管理、企业的变更、企业的破产与解散、我国上市公司及其治理概况。
●
相关链接 在E读中查询图书 在五车中查询图书 在当当中查询图书 在豆瓣中查询图书


正题名:商学导论     索取号:F710/632         预约/预借

序号 登录号 条形码 馆藏地/架位号 状态 备注
1 0839383   208393834   第一样本阅览室/ [索取号:F710/632] 在馆    
2 0839384   208393843   密集书库-海洋学院/ [索取号:F710/632] 在馆    
3 0839385   208393852   第一借阅区/ [索取号:F710/632] 在馆    
唐山师范学院图书馆 欢迎您!
大连网信软件有限公司© 版权所有